000 00537nam a2200181Ia 4500
001 24594
005 20260414151054.0
008 260414t2017||||xx |||||||||||||| ||spa||
041 _aESP
082 _a345.721
_bB141 V. 38
110 _aEstudio Mario Castillo Freyre
_eAUT
245 0 _aArbitraje :
_bactas del Cuarto Congreso Internacional de Arbitraje y Conciliación de la Asociación Zambrano - Cusco 2016
260 _c2017
300 _a342 páginas :
_c24 cm.
650 _aDER
654 _aCDE
942 _cLIB
_dJUS
_fJUS
_2ddc
_n
999 _c24594
_d24594